Les parlements du monde - Statistiques

Statistiques générales
  • Ce quiz a été pris 32 fois
  • Le résultat moyen est 6 sur 14
Statistiques - réponses
Hint Réponse % Correct
Bundestag Allemagne
96%
Cortes generales Espagne
81%
Douma d'état Russie
78%
Knesset Israël
70%
Grand Khoural Mongolie
48%
Bundesrat Allemagne
44%
Althing Islande
37%
Landlag Liechtenstein
33%
Rada Ukraine
33%
Storting Norvège
22%
Riksdag Suède
22%
Diète Japon
15%
Etats généraux Pays-Bas
15%
Folketing Danemark
11%
Aucun quiz correspondant
Distribution des résultats
% des personnes avec chaque résultat
Percentile par nombre de réponses
Votre historique - résultats
Vous n’avez pas pris ce quiz